Katolische Solidarita und Volkgemeinschaft / (Record no. 28438)

MARC details
000 -LEADER
campo de control de longitud fija 00458nam a2200157 i 4500
001 - NÚMERO DE CONTROL
campo de control 28438
003 - IDENTIFICADOR DE NÚMERO DE CONTROL
campo de control ES-MaACL
005 - FECHA Y HORA DE LA ÚLTIMA TRANSACCIÓN
campo de control 20230906153844.0
007 - CAMPO FIJO DE DESCRIPCIÓN FÍSICA--INFORMACIÓN GENERAL
campo de control de longitud fija t|
008 - DATOS DE LONGITUD FIJA--INFORMACIÓN GENERAL
campo de control de longitud fija 030117s1939 gw ||||1| ger d
100 1# - ENTRADA PRINCIPAL--NOMBRE DE PERSONA
Nombre de persona Baehr, Antón.
9 (RLIN) 24576
245 10 - MENCIÓN DEL TÍTULO
Título Katolische Solidarita und Volkgemeinschaft /
Mención de responsabilidad, etc. von Antón Baehr.
260 ## - PUBLICACIÓN, DISTRIBUCIÓN, ETC.
Lugar de publicación, distribución, etc. [Berlín :
Nombre del editor, distribuidor, etc. Druck Deutsche Zentraldruckerei],
Fecha de publicación, distribución, etc. 1939.
300 ## - DESCRIPCIÓN FÍSICA
Extensión 283 p. ;
Dimensiones 21 cm.
852 ## - LOCALIZACIÓN
Ubicación ES-MaACL
Número de control de estantería A-5228
Sublocalización o colección R.18197
Holdings
Estatus retirado Estado de pérdida Estado de daño No para préstamo Biblioteca de origen Biblioteca actual Ubicación en estantería Fecha de adquisición Fuente de adquisición Total de préstamos Signatura topográfica completa Código de barras Visto por última vez Precio de reemplazo Tipo de ítem Koha
        Biblioteca del Ateneo de Madrid Biblioteca del Ateneo de Madrid Sala Pecera Planta 1 17/01/2008     A-5228 1029358 23/02/2023 23/02/2023 Libro impreso